Que hacer ? El informe Dag Hammarskjöld 1975

Wedi'i Gadw mewn:
Manylion Llyfryddiaeth
Awdur Corfforaethol: ONU
Fformat: Texto
Cyhoeddwyd: Motala: O.N.U.
Tagiau: Ychwanegu Tag
Dim Tagiau, Byddwch y cyntaf i dagio'r cofnod hwn!

MARC

LEADER 00000 a a2200000 04500
001 24618
003
040 |a CRAI/IIS  |c CRAI/IIS 
090 |a 169600  
110 |a ONU  
245 |a Que hacer ? El informe Dag Hammarskjöld 1975  
260 |a Motala:   |b O.N.U.  
300 |a 132 p.  
999 |c 17670  |d 17670